Statistics for 2017 NBA All-Stars (All Competitions)

Click here to take the quiz!

General Stats

  • This quiz has been taken 263 times
  • The average score is 32 of 68

Answer Stats

Player% Correct
Stephen Curry
94%
LeBron James
93%
Klay Thompson
88%
Kyrie Irving
84%
Kevin Durant
83%
Russell Westbrook
77%
Eric Gordon
74%
Aaron Gordon
74%
James Harden
70%
Anthony Davis
69%
Draymond Green
68%
Kyle Lowry
66%
DeMarcus Cousins
65%
DeMar DeRozan
63%
Isaiah Thomas
62%
Kevin Love
60%
Kristaps Porzingis
59%
Paul George
59%
Karl-Anthony Towns
58%
DeAndre Jordan
58%
Giannis Antetokounmpo
58%
John Wall
57%
Carmelo Anthony
57%
Kawhi Leonard
55%
Jimmy Butler
50%
Kemba Walker
48%
Joel Embiid
48%
Devin Booker
47%
Gordon Hayword
47%
Nikola Jokic
45%
Glenn Robinson III
45%
Marc Gasol
44%
Derrick Jones Jr.
37%
Paul Millsap
37%
Jonathon Simmons
34%
D'Angelo Russell
32%
Brandon Ingram
28%
Jamal Murray
27%
Nick Young
22%
CJ McCollum
21%
Buddy Hield
18%
Malcolm Brogdon
15%
Myles Turner
13%
Dario Saric
12%
Jahlil Okafor
12%
Emmanuel Mudiay
11%
Domantas Sabonis
10%
Marquese Chriss
10%
Wesley Matthews
9%
Frank Kaminsky
7%
Trey Lyles
6%
Willy Hernangomez
5%
Dante Exum
5%
Alex Abrines
4%

Score Distribution

Percentile by Number Answered

Percent of People with Each Score

Your Score History

You have not taken this quiz